Johnny Cash - Sunday Morning Coming Down (Extended Version) Lyric Quiz - Statistics

General Stats
  • This quiz has been taken 11 times
  • The average score is 178 of 278
Answer Stats
Answer % Correct
a
100%
and
100%
down
100%
he
100%
I
100%
mornin
100%
Sunday
100%
was
100%
bad
88%
in
88%
morning
88%
my
88%
no
88%
on
88%
so
88%
that
88%
the
88%
with
88%
beer
75%
breakfast
75%
cleanest
75%
comin
75%
dessert
75%
dirty
75%
for
75%
found
75%
had
75%
more
75%
one
75%
shirt
75%
then
75%
wasnt
75%
alone
63%
as
63%
body
63%
closet
63%
clothes
63%
combed
63%
day
63%
didnt
63%
dyin
63%
face
63%
feel
63%
hair
63%
head
63%
hold
63%
hurt
63%
lit
63%
lonesome
63%
Lord
63%
makes
63%
me
63%
meet
63%
nothing
63%
of
63%
sidewalk
63%
sound
63%
stairs
63%
theres
63%
to
63%
up
63%
washed
63%
way
63%
well
63%
wishing
63%
woke
63%
city
50%
fumbled
50%
girl
50%
half
50%
saw
50%
short
50%
somethin
50%
stoned
50%
stumbled
50%
through
50%
been
38%
before
38%
can
38%
cause
38%
daddy
38%
dying
38%
I'd
38%
little
38%
mind
38%
night
38%
park
38%
pickin
38%
smoked
38%
something
38%
songs
38%
swingin
38%
bell
25%
cigarettes
25%
first
25%
I'm
25%
kickin
25%
kid
25%
laughing
25%
like
25%
ringing
25%
school
25%
sleepin
25%
smell
25%
along
13%
beside
13%
caught
13%
chicken
13%
disappearin
13%
echoed
13%
it
13%
listen
13%
lost
13%
playin
13%
singin
13%
small
13%
somehow
13%
somewhere
13%
stopped
13%
street
13%
thats
13%
that's
13%
they
13%
yesterday
13%
across
0%
away
0%
back
0%
but
0%
canyons
0%
dreams
0%
far
0%
fryin
0%
headed
0%
he'd
0%
lonely
0%
someones
0%
took
0%
walked
0%
watched
0%
No matching quizzes found
Score Distribution
Percent of People with Each Score
Percentile by Number Answered
Your Score History
You have not taken this quiz